С++ (Запись № 12990422)

Подробности
000 -МАРКЕР
контрольное поле 02573nam0a2200361 4500
001 - ИДЕНТИФИКАТОР ЗАПИСИ
контрольное поле RU\NLR\BIBL_A\012737030
005 - ИДЕНТИФИКАТОР ВЕРСИИ
контрольное поле 20220422092859.0
010 ## - МЕЖДУНАРОДНЫЙ СТАНДАРТНЫЙ НОМЕР КНИГИ (ISBN)
Номер (ISBN) 978-5-907114-74-6
Тираж 200
021 ## - НОМЕР ГОСУДАРСТВЕННОЙ РЕГИСТРАЦИИ
Код страны Российская Федерация
Номер КН-П-21-085008
Номер Листа государственной регистраци КН-П-21-6771
035 ## - ДРУГИЕ СИСТЕМНЫЕ НОМЕРА
Идентификатор записи (NLR Aleph) 012737030
035 ## - ДРУГИЕ СИСТЕМНЫЕ НОМЕРА
Идентификатор записи (RuMoRGB)010907092
100 ## - ДАННЫЕ ОБЩЕЙ ОБРАБОТКИ
Данные общей обработки 20220322d2020 u y0rusy50 ca
101 1# - ЯЗЫК РЕСУРСА
Язык текста, звукозаписи и т.д. русский
Язык оригинала английский
102 ## - СТРАНА ПУБЛИКАЦИИ ИЛИ ПРОИЗВОДСТВА
Страна публикации Российская Федерация
105 ## - ПОЛЕ КОДИРОВАННЫХ ДАННЫХ: ТЕКСТОВЫЕ МАТЕРИАЛЫ, МОНОГРАФИЧЕСКИЕ
Кодированные данные о монографическом текстовом документе a|||j|||001zy
200 1# - ЗАГЛАВИЕ И СВЕДЕНИЯ ОБ ОТВЕТСТВЕННОСТИ
Основное заглавие С++
Сведения, относящиеся к заглавию полное руководство
-- классическое издание
-- перевод с английского
Первые сведения об ответственности Герберт Шилдт
210 ## - ПУБЛИКАЦИЯ, РАСПРОСТРАНЕНИЕ И ДР.
Место издания, распространения и т.д. Москва
-- Санкт-Петербург
Имя издателя, распространителя и т. д. Диалектика
Дата издания, распространения и т.д. 2020
215 ## - ФИЗИЧЕСКАЯ ХАРАКТЕРИСТИКА
Специфическое обозначение материала и объем 796 с.
Другие сведения о физической характеристике ил., табл.
Размеры 24
300 ## - ОБЩИЕ ПРИМЕЧАНИЯ
Текст примечания Загл. и авт. ориг.: C++ / Herbert Schildt
320 ## - ПРИМЕЧАНИЯ О НАЛИЧИИ В ДОКУМЕНТЕ БИБЛИОГРАФИИ / УКАЗАТЕЛЯ
Текст примечания Предм. указ.: с. 787-796
330 ## - РЕЗЮМЕ ИЛИ РЕФЕРАТ
Текст примечания Авторитетный профессионал и блестящий автор книг по программированию, Герберт Шилдт переработал и дополнил свой, ставший уже классическим, справочник по C++. Шилдт продемонстрировал и подобно разъяснил каждый аспект языка C++, включая ключевые слова, операторы, директивы препроцессора и библиотеки. В справочнике перечислены даже ключевые слова, используемые в программировании на платформе.NET. Все это описано кратко и доходчиво, в присущем автору стиле, принесшем ему заслуженную славу. Информация, содержащаяся в справочнике, будет полезна как начинающему программисту, так и опытному профессионалу
454 #0 - ОРИГИНАЛ (ПЕРЕВОДА)
Встроенное поле 2001#$aC++$fHerbert Schildt
-- 700#1$aSchildt$bH.$gHerbert
606 1# - НАИМЕНОВАНИЕ ТЕМЫ КАК ПРЕДМЕТ
Наименование темы C++, язык программирования
Формальный подзаголовок Руководства, пособия и т.п
Код системы nlr_sh1
-- nlr_sh2
Идентификатор авторитетной/нормативной записи RU\NLR\AUTH\661246828
610 0# - НЕКОНТРОЛИРУЕМЫЕ ПРЕДМЕТНЫЕ ТЕРМИНЫ
Предметный термин С++
675 ## - УНИВЕРСАЛЬНАЯ ДЕСЯТИЧНАЯ КЛАССИФИКАЦИЯ (UDC/УДК)
Индекс 004.438
Издание 4
686 ## - ИНДЕКСЫ ДРУГИХ КЛАССИФИКАЦИЙ
Индекс З973.2-018.19C++,0
Код системы
686 1# - ИНДЕКСЫ ДРУГИХ КЛАССИФИКАЦИЙ
Индекс З973.23-018.1я7
700 #1 - ИМЯ ЛИЦА - ПЕРВИЧНАЯ ОТВЕТСТВЕННОСТЬ
Начальный элемент ввода Шилдт
Часть имени, кроме начального элемента ввода Г.
Расширение инициалов личного имени Герберт
Идентификатор авторитетной/нормативной записи RU\NLR\AUTH\777454
942 ## - ДОПОЛНИТЕЛЬНЫЕ ЭЛЕМЕНТЫ ЗАПИСИ (АБИС)
Тип экземпляра АБИС Книга
980 ## - КОЛЛЕКЦИЯ
Название коллекции Национальная библиография
Экземпляры
Тип экземпляра Дата поступления Источник поступления Библиотека постоянного хранения Библиотека текущего хранения Место хранения Шифр хранения Штрих-код Статус экземпляра
Книга 22.03.2022 Обязательный экземпляр РНБ (Московский) РНБ (Московский) Русский книжный фонд: издания с 1957 года 2022-7/2192 1-3736981